000
00282nam a2200109Ia 4500
001
1264720
005
20260417141948.0
008
260417s9999 xx 000 0 und d
020
_a
9786051853925
245
0
_a
Operada Mücella Suzan
_c
Bilgehan Uçak
260
_b
Everest Yayınları
999
_c
1264720
_d
1264720